Doctor Who new Who villians/monsters 2005-2011 Quiz Stats

 Plays Quiz not verified by Sporcle

Challenge
Share
Tweet
Embed
Score 0/85 Timer 12:00
0 Plays Today
Episode Villian/Monster % Correct
DalekDalek
97.4%
The rise of the cybermenCybermen
92.7%
Age of steel Cybermen
92.7%
Army of ghostsCybermen
92.7%
The next DoctorCybermen
92.7%
Closing timeCybermen
92.7%
Bad wolfDaleks
87%
The parting of the waysDaleks
87%
Daleks in ManhattenDaleks
87%
Evolution of the DaleksDaleks
87%
BlinkWeeping angels
87%
The stolen planetsDaleks
87%
Journey's endDaleks
87%
Victory of the DaleksDaleks
87%
The time of angelsWeeping Angels
87%
Flesh and stoneWeeping Angels
87%
Aliens of LondonSlitheen
84.5%
World War 3Slitheen
84.5%
Boom townSlitheen
84.5%
UtopiaThe Master
79.3%
The sound of drumsThe Master
79.3%
The last of the timelordsThe Master
79.3%
The end of timeThe Master
79.3%
RoseAutons
78.2%
The end of the worldCassandra
78.2%
New earthCassandra
78.2%
The impossible planetOod
76.7%
Tooth and clawWerewolf
71%
The unquiet deadGelth
69.4%
Episode Villian/Monster % Correct
Sontaran Stratagem Sontarans
68.9%
The poison skySontarans
68.9%
The christmas invasionSycorax
67.9%
Human NatureFamily of blood
66.8%
The family of bloodFamily of blood
66.8%
The saturn pitThe beast
63.7%
The empty childThe empty child
63.2%
The Doctor dancesThe empty child
63.2%
The impossible astronautThe Silence
62.7%
Day of the moonThe Silence
62.7%
The wedding of River SongThe Silence
62.7%
The idiot's lanternThe wire
62.2%
Partners in crimeAdipose
60.6%
Father's dayReapers
59.1%
Silence in the libraryVashta Nerada
58%
Forest of the deadVashta Nerada
58%
42The sun
53.9%
The eleventh hourPrisoner zero
53.4%
School reunionKrillitanes
52.3%
The long gameJagrafess
51.3%
Love and monstersAbzorbaloff
50.3%
The girl in the fireplaceClockwork droids
49.2%
Amy's choiceDream Lord
48.7%
The Doctor's daughterHath
48.2%
The unicorn and the waspVespiform
47.2%
The shakespeare codeCarrionites
46.1%
GridlockMacra
45.1%
Smith and JonesPlasmavore
43%
The water of MarsThe flood
43%
Episode Villian/Monster % Correct
Voyage of the damnedThe host
40.9%
The fires of PompeiiPyrovile
39.4%
The runaway bride Empress of the Racnoss
38.9%
Curse of the black spotThe siren
34.2%
DoomsdayDaleks and cybermen
33.2%
MidnightUnknown
31.6%
Turn leftTime beetle
31.1%
The god complexMinotaur
28.5%
The beast belowHumans
28%
Vincent and the DoctorKrafayis
26.9%
The pandorica opensThe alliance
25.4%
The lazarus experiment Lazarus monster
22.8%
The girl who waitedHandbots
22.8%
Night terrorsPeg dolls
20.7%
Let's Kill HitlerTeselecta
17.6%
Planet of the deadStingrays
13.5%
The big bangStone Dalek
11.4%
A Christmas CarolKazran Sardick
9.8%
A good man goes to warMadam Kovarian
9.3%
The vampires of VeniceSaturnynes
8.3%
Planet of the OodOod operations
7.8%
The rebel fleshGangers and Humans
3.6%
The Almost peopleGangers and Humans
3.6%
The hungry earthSilurians and Humans
2.6%
Cold bloodSilurians and Humans
2.6%
The Doctor,the widow and the wardrobeMiners
2.6%
The lodgerAvatar
1.6%

You're not logged in!

Compare scores with friends on all Sporcle quizzes.
Join for Free
OR
Log In

You Might Also Like...

Show Comments

Extras

Created Jan 29, 2012ReportNominate
Tags:Doctor Who Quiz, bbc

Top Quizzes Today


Score Distribution

Your Account Isn't Verified!

In order to create a playlist on Sporcle, you need to verify the email address you used during registration. Go to your Sporcle Settings to finish the process.

Report this User

Report this user for behavior that violates our Community Guidelines.

Details: